000 00509nam a2200181Ia 4500
005 20250508153309.0
008 008 250505s9999 xx 000 0 eng d
037 _aBooks to be hide in OPAC
040 _aFEDL
_beng
_cFEDL
041 _aeng
_2eng
084 _a370.1, DUM
_qFEDL
100 _aDumesnil Georges
_9763636
245 0 _aPour a pedagogie
260 _aParis, France
_bLibrairie Armand Colin
_c1902
300 _axvii,261p
942 _cHB
_h370.1, DUM
999 _c1341816
_d1341816